| 000 | 01168nam a2200313 a 4500 | ||
|---|---|---|---|
| 001 | 000113487 | ||
| 003 | CHAP | ||
| 005 | 20220329144357.0 | ||
| 008 | 170724s2016 mx a fsm |||||||spa d | ||
| 010 | _a109948 | ||
| 011 | _a110920 | ||
| 040 | _cCHAP | ||
| 090 | _aTesis | ||
| 100 | 1 |
_aHernández Avila, Alejandro _953824 |
|
| 245 | 1 | 0 |
_aValoración económica del servicio de agua potable en el municipio de Hueypoxtla, Estado de México / _h[En línea] _cpor Alejandro Hernández Avila. |
| 260 |
_aChapingo, Méx. : _bEl autor, _c2016. |
||
| 500 | _aPara ver el contenido del material haga clic en la liga | ||
| 502 | _aTesis (Ph.D. en Economía Agrícola) -- UACH. División de Ciencias Económico Administrativas | ||
| 590 |
_aE6096MTM _b05 _c20170724 _lUCH01 _h1439 |
||
| 590 |
_aE6096MTM _b05 _c20170724 _lUCH01 _h1452 |
||
| 650 | 1 | 4 |
_aAgua potable _xAbastecimiento _xCostos. _92444 |
| 650 | 1 | 4 |
_aAgua _xAprovechamiento. _92282 |
| 650 | 1 | 4 |
_aDisponibilidad del agua. _9125389 |
| 650 | 1 | 4 |
_aMedio ambiente _xProtección. _974106 |
| 856 |
_aFinding aid _uhttp://10.13.5.2/tesis/sist113487.pdf _zTeclea aquí |
||
| 901 | _aBK | ||
| 942 | _cTESIS | ||
| 942 | _n0 | ||
| 999 |
_c109948 _d109948 |
||